000 00438nam a2200145Ia 4500
008 100204s9999 xx 000 0 und d
082 _b7932
100 _aसिनकर श्रीकांत
245 _aआरोपपत्र
260 _b"दिलिप प्रकाशन , मुंबई"
_c1977
300 _a224
630 _aआरोपपत्र
730 _aआरोपपत्र
942 _cBOOK
999 _c452368
_d452365